| 000 | 01010nam a2200289 i 4500 | ||
|---|---|---|---|
| 001 | bg | ||
| 100 | 1 |
_aWeber, David _d(1952- ). |
|
| 245 | 1 | 0 |
_aRoyal Manticoran Navy : _bJayne's rocznik 1905 P.D. / _cDavid Weber, Ken Burnside, Thomas Pope ; przeł. Jarosław Kotarski. |
| 246 | 1 |
_iTyt. oryg.: _aJayne's intelligence review 1905PD : _bthe royal manticoran navy |
|
| 260 |
_aPoznań : _bDom Wydawniczy Rebis, _c2008. |
||
| 300 |
_a68 s. : _bil. kolor. ; _c28 cm. |
||
| 490 | 1 | _aHonor Harrington / David Weber | |
| 610 | 2 | 4 | _aRoyal Manticoran Navy (wojsko fikcyjne) |
| 700 | 1 | _aBurnside, Ken. | |
| 700 | 1 | _aPope, Thomas. | |
| 700 | 1 |
_aKotarski, Jarosław _c(tłumacz). _eTł. |
|
| 800 | 1 |
_aWeber, David _d(1952- ). _tHonor Harrington |
|
| 015 | _aPB 23303/2010 | ||
| 020 | _a9788375101867 | ||
| 040 | _cBPK | ||
| 041 | 1 |
_apol _heng |
|
| 044 | _aPOL | ||
| 080 | _a821.111(73)(091)-3"1945/..."(02.025.2)A/Z | ||
| 920 | _a978-83-7510-186-7 | ||
| 942 | _cKS | ||
| 008 | 110216s2008 pl a |000 0 pol | ||
| 999 |
_c49687 _d49687 |
||